MENTAL HEALTH (PSYCHIATRIC)NURSING MSC 1ST & 2ND YEAR (Record no. 97424)

MARC details
000 -LEADER
fixed length control field 00271 a2200097 4500
020 ## - INTERNATIONAL STANDARD BOOK NUMBER
International Standard Book Number 9789381579473
100 ## - MAIN ENTRY--PERSONAL NAME
Personal name ELAKKUVANA BHASKARA RAJ
9 (RLIN) 106525
245 ## - TITLE STATEMENT
Title MENTAL HEALTH (PSYCHIATRIC)NURSING MSC 1ST & 2ND YEAR
250 ## - EDITION STATEMENT
Edition statement 2ND
260 ## - PUBLICATION, DISTRIBUTION, ETC. (IMPRINT)
Name of publisher, distributor, etc. EMMESS MEDICAL PUBLISHERS
Date of publication, distribution, etc. 2017

No items available.